000 00552nam a2200193Ia 4500
005 20250508162649.0
008 008 250505s9999 xx 000 0 eng d
037 _aTextual
040 _aFEDL
_beng
_cFEDL
041 _aeng
_2eng
084 _a157.9, DES
_qFEDL
100 _aDesai Arvindrai N.
_9772860
245 0 _aPsychiatry and modern life
260 _aNew Delhi, India
_bSterling Publishers Pvt. Ltd.
_c1988
300 _avi,295p.
650 _aAbnormal Psychology
942 _cTEXL
_h157.9, DES
999 _c1377919
_d1377919